000 01043nam0a22002651 4500
001 rc\122491
005 20260407072058.0
035 _a(NLR Aleph) 005379499
090 _a7085438
_c7085438
100 _a20021216d1993 |||y0rusy50 ca
101 0 _arus
102 _aRU
105 _ay |||||||||
200 1 _aСлужба трудоустройства в промышленно развитых странах
_eНауч.-аналит. обзор
_f[Былов В.Г.]
210 _aМ.
_cИНИОН
_d1993
215 _a47, [1] с.
_d20
225 1 _aСерия "Социально-экономические проблемы стран Запада"
_fРос. АН. ИНИОН
320 _aБиблиогр.: с. 46-48 (34 назв.)
701 1 _aБылов
_bВ.Г.
712 0 2 _aИнститут научной информации по общественным наукам
_cМосква
_9272425
_3RU\NLR\AUTH\88992
801 0 _aRU
_bNLR
_gpsbo
801 1 _aRU
_bELAR
_2rusmarc
852 _aNLR
_j93-4/9883
942 _cBOOK
980 _aNB